ბათუმის შოთა რუსთაველის სახელმწიფო უნივერსიტეტის ბიბლიოთეკა

Энциклопедический словарь юного филолога(языкознание) (ბიბ.ჩანაწერი № 44335)

000 -LEADER
fixed length control field 00893nam a2200229Ia 4500
001 - CONTROL NUMBER
control field 11094
003 - CONTROL NUMBER IDENTIFIER
control field GE_BSU
008 - FIXED-LENGTH DATA ELEMENTS--GENERAL INFORMATION
fixed length control field 181216s||||||||xx |||||||||||||| ||und||
040 ## - CATALOGING SOURCE
Transcribing agency GE_BSU
080 ## - UNIVERSAL DECIMAL CLASSIFICATION NUMBER
Universal Decimal Classification number 81(031)
245 ## - TITLE STATEMENT
Title Энциклопедический словарь юного филолога(языкознание)
245 ## - TITLE STATEMENT
Remainder of title Для среднего и старшего возраста.
245 ## - TITLE STATEMENT
Statement of responsibility, etc. Сост.Панов М.Б. Ред.колл.Степанов Г.В.(Гл.ред) Ашинин Ф.Д. и др.
260 ## - PUBLICATION, DISTRIBUTION, ETC.
Place of publication, distribution, etc. Москва.
260 ## - PUBLICATION, DISTRIBUTION, ETC.
Name of publisher, distributor, etc. Педагогика.
260 ## - PUBLICATION, DISTRIBUTION, ETC.
Date of publication, distribution, etc. 1984.
300 ## - PHYSICAL DESCRIPTION
Extent 352стр,27см.
300 ## - PHYSICAL DESCRIPTION
Accompanying material илл.
520 ## - SUMMARY, ETC.
Summary, etc. Энциклопедический словарь юного филолога.
653 ## - INDEX TERM--UNCONTROLLED
Uncontrolled term Энциклопедический словарь юного филолога(языкознание)
942 ## - ADDED ENTRY ELEMENTS (KOHA)
Koha item type წიგნი
ეგზემპლარები
Withdrawn status Lost status Damaged status Not for loan Date acquired Barcode Date last seen Price effective from Koha item type
        2018-12-17 19368 2018-12-17 2018-12-17 წიგნი
        2018-12-17 19369 2018-12-17 2018-12-17 წიგნი